[Event "2. Bundesliga West 2017/18"]
[Site "Kufstein; NMS II, Sporthalle Fischergries"]
[Date "2018.01.14"]
[Round "8"]
[Board "4"]
[White "Spornberger, Maximilian"]
[Black "Mittelberger, Peter"]
[Result "1-0"]
[WhiteElo "2273"]
[BlackElo "2180"]
[PlyCount "157"]
[EventDate "2017.10.13"]
[EventType "team"]
[EventRounds "11"]
[EventCountry "AUT"]
[WhiteTeam "Rochade Rum"]
[BlackTeam "Goetzis 2"]

1. e4 d6 2. d4 g6 3. Nc3 Bg7 4. Nf3 a6 5. Be2 b5 6. e5 dxe5 7. dxe5 Qxd1+ 8.
Bxd1 e6 9. O-O Nd7 10. Bf4 Ne7 11. Re1 Bb7 12. a3 Nd5 13. Nxd5 Bxd5 14. Be2 h6
15. h4 O-O 16. Rac1 c5 17. c4 bxc4 18. Bxc4 Nb6 19. Bxd5 Nxd5 20. Be3 Nxe3 21.
Rxe3 Rfb8 22. b3 Bf8 23. Nd2 Rb5 24. g3 Kg7 25. Rd3 Rb7 26. Rc4 Be7 27. Kf1 a5
28. Ra4 h5 29. Ke2 g5 30. hxg5 Bxg5 31. f4 Be7 32. Kd1 Kg6 33. Ne4 Rc7 34. Kc2
Rac8 35. Rc3 Ra8 36. Rac4 Rac8 37. b4 axb4 38. axb4 f6 39. bxc5 fxe5 40. fxe5
Rc6 41. Kd3 h4 42. gxh4 Rh8 43. Nd6 Bxh4 44. Rg4+ Kh5 45. Rg2 Ra8 46. Kc4 Ra5
47. Kd4 Ra4+ 48. Nc4 Ra1 49. Nd2 Ra4+ 50. Rc4 Ra3 51. Rb4 Bg5 52. Nc4 Rh3 53.
Rb5 Ra6 54. Rgb2 Ra1 55. c6 Rh4+ 56. Kc5 Rc1 57. R5b4 Be7+ 58. Kb5 Bxb4 59.
Rxb4 Kg5 60. c7 Rh8 61. Kb6 Kf5 62. Kb7 Ke4 63. c8=Q Rxc8 64. Kxc8 Kd5 65. Kd7
Rh1 66. Ke7 Rh7+ 67. Kf6 Rh6+ 68. Kg5 Rh1 69. Ra4 Rh3 70. Kg4 Rh1 71. Kg5 Rh3
72. Kf6 Rh6+ 73. Ke7 Rh7+ 74. Kd8 Rg7 75. Kc8 Rh7 76. Rb4 Rg7 77. Rb7 Rxb7 78.
Kxb7 Kxc4 79. Kc6  1-0

[Event "2. Bundesliga West 2017/18"]
[Site "Kufstein; NMS II, Sporthalle Fischergries"]
[Date "2018.01.14"]
[Round "8"]
[Board "5"]
[White "Laske, Erich"]
[Black "Paltrinieri, Nicholas"]
[Result "1-0"]
[WhiteElo "2051"]
[BlackElo "2300"]
[PlyCount "111"]
[EventDate "2017.10.13"]
[EventType "team"]
[EventRounds "11"]
[EventCountry "AUT"]
[WhiteTeam "Goetzis 2"]
[BlackTeam "Rochade Rum"]

1. c4 f5 2. Nf3 Nf6 3. Nc3 d6 4. d4 e6 5. Bf4 Be7 6. e3 Nh5 7. Be2 O-O 8. b4
Bf6 9. Rb1 Nc6 10. b5 Ne7 11. Qb3 Ng6 12. g3 Nhxf4 13. exf4 e5 14. dxe5 dxe5
15. Rd1 Qe8 16. Nd5 Qf7 17. h4 exf4 18. gxf4 c6 19. h5 cxd5 20. hxg6 Qxg6 21.
cxd5 Re8 22. Kf1 Bd7 23. Ne5 Bxe5 24. Bh5 Qb6 25. Bxe8 Rxe8 26. fxe5 Rxe5 27.
a4 Qd6 28. Rh4 h6 29. Qb4 Qf6 30. Rc4 f4 31. Re4 Bg4 32. Rdd4 Qh4 33. Ke1 Qh1+
34. Kd2 Qd1+ 35. Kc3 Qc1+ 36. Kb3 Rh5 37. Qd2 Rh3+ 38. Kb4 Qa3+ 39. Ka5 Qf8 40.
d6 Rb3 41. Qc2 Rh3 42. Re7 a6 43. Qc4+ Kh7 44. Rxf4 b6+ 45. Kxb6 Qb8+ 46. Kc5
Rh5+ 47. Kc6 Qa8+ 48. Kb6 Bf5 49. Qc7 Qg8 50. Rf7 Bg6 51. Rf8 Qe6 52. Qd8 Bd3
53. Rh8+ Kg6 54. Qe8+ Qxe8 55. Rxe8 Rd5 56. Kc6  1-0

[Event "2. Bundesliga West 2017/18"]
[Site "Kufstein; NMS II, Sporthalle Fischergries"]
[Date "2018.01.14"]
[Round "8"]
[Board "6"]
[White "Moroder, Stefan"]
[Black "Ferk, Martin"]
[Result "1-0"]
[WhiteElo "2212"]
[BlackElo "1906"]
[PlyCount "113"]
[EventDate "2017.10.13"]
[EventType "team"]
[EventRounds "11"]
[EventCountry "AUT"]
[WhiteTeam "Rochade Rum"]
[BlackTeam "Goetzis 2"]

1. e4 e6 2. d4 d5 3. Nc3 dxe4 4. Nxe4 Bd7 5. Nf3 Bc6 6. Bd3 Nd7 7. Qe2 Ngf6 8.
O-O Be7 9. Ng3 Bxf3 10. Qxf3 c6 11. c3 O-O 12. Re1 Re8 13. Bc2 Nf8 14. b3 Qc7
15. Bb2 Rad8 16. Rad1 Rd7 17. Nf1 Red8 18. Ne3 c5 19. dxc5 Rxd1 20. Rxd1 Rxd1+
21. Nxd1 Bxc5 22. c4 N8d7 23. Qe2 Qd6 24. Nc3 Qe5 25. Qxe5 Nxe5 26. Na4 Bd6 27.
h3 Nc6 28. g3 Nd7 29. Be4 Nc5 30. Nxc5 Bxc5 31. Kf1 f5 32. Bxc6 bxc6 33. f3 g5
34. g4 Kf7 35. Ke2 Kg6 36. Kd3 Bd6 37. Bc3 e5 38. gxf5+ Kxf5 39. Bd2 h5 40. b4
Be7 41. b5 cxb5 42. cxb5 Bd6 43. Be3 Bb8 44. a4 g4 45. hxg4+ hxg4 46. fxg4+
Kxg4 47. Ke4 Kg3 48. Bc1 Kf2 49. Bb2 Bc7 50. Bxe5 Ba5 51. Bd4+ Ke2 52. Bxa7 Kd2
53. Kd4 Kc2 54. Kc4 Kb2 55. b6 Ka3 56. b7 Bc7 57. Kb5  1-0

[Event "2. Bundesliga West 2017/18"]
[Site "Kufstein; NMS II, Sporthalle Fischergries"]
[Date "2018.01.14"]
[Round "8"]
[Board "1"]
[White "Frank, Emanuel"]
[Black "Michalik, Peter"]
[Result "0-1"]
[WhiteElo "2165"]
[BlackElo "2546"]
[PlyCount "144"]
[EventDate "2017.10.13"]
[EventType "team"]
[EventRounds "11"]
[EventCountry "AUT"]
[WhiteTeam "ASK Salzburg"]
[BlackTeam "Zillertal"]

1. d4 Nf6 2. c4 g6 3. Nc3 d5 4. cxd5 Nxd5 5. e4 Nxc3 6. bxc3 Bg7 7. Nf3 c5 8.
Be3 Qa5 9. Nd2 Nd7 10. Qb3 cxd4 11. cxd4 O-O 12. Be2 Nc5 13. Qb5 Qxb5 14. Bxb5
a6 15. Be2 Na4 16. Rc1 Rd8 17. Nb3 b5 18. Rc7 Rd7 19. Rxd7 Bxd7 20. Kd2 b4 21.
f3 Bb5 22. Bd3 Nb2 23. Nc5 e5 24. d5 Bf8 25. Rb1 Nxd3 26. Nxd3 a5 27. Nxe5 Bg7
28. Bd4 Re8 29. Nc6 Bxc6 30. Bxg7 Bxd5 31. exd5 Kxg7 32. Rc1 a4 33. Rb1 Rb8 34.
Kd3 Kf6 35. Rb2 b3 36. axb3 a3 37. Ra2 Rxb3+ 38. Kc2 Rb5 39. Rxa3 Rxd5 40. Rd3
Rh5 41. h3 Ke5 42. f4+ Ke4 43. Kd2 f6 44. Ke2 Kxf4 45. Rf3+ Ke5 46. g4 Rg5 47.
Ra3 Ke6 48. Ra6+ Kf7 49. Ra7+ Kg8 50. Ra8+ Kg7 51. Ra7+ Kh6 52. Ra6 Re5+ 53.
Kf3 Kg5 54. h4+ Kxh4 55. Rxf6 Re1 56. Kf2 Re4 57. Rf7 h6 58. Rf6 Rxg4 59. Kf3
h5 60. Ra6 g5 61. Ra1 Rg3+ 62. Kf2 g4 63. Rh1+ Rh3 64. Ra1 Rh2+ 65. Kg1 Rb2 66.
Ra3 g3 67. Ra5 Rd2 68. Rb5 Kg4 69. Rb4+ Kh3 70. Rb1 h4 71. Ra1 Rd4 72. Rb1 Kg4
 0-1

[Event "2. Bundesliga West 2017/18"]
[Site "Kufstein; NMS II, Sporthalle Fischergries"]
[Date "2018.01.14"]
[Round "8"]
[Board "2"]
[White "Lanka, Zigurds"]
[Black "Luncescu, Christian"]
[Result "1-0"]
[WhiteElo "2426"]
[BlackElo "2192"]
[PlyCount "55"]
[EventDate "2017.10.13"]
[EventType "team"]
[EventRounds "11"]
[EventCountry "AUT"]
[WhiteTeam "Zillertal"]
[BlackTeam "ASK Salzburg"]

1. e4 d5 2. exd5 Qxd5 3. Nc3 Qa5 4. d4 c6 5. Bc4 Bf5 6. Bd2 e6 7. d5 Qc5 8. Qe2
cxd5 9. Nxd5 Ne7 10. Bb5+ Nd7 11. Bb4 Qxd5 12. Rd1 Qxd1+ 13. Qxd1 O-O-O 14. Qd4
Nc6 15. Bxc6 Bxb4+ 16. Qxb4 bxc6 17. Nf3 Bg6 18. O-O Rhe8 19. Nd4 Nb8 20. Qc3
Kb7 21. b4 Rd5 22. f3 Red8 23. Nb3 f6 24. Nc5+ Ka8 25. b5 Rxc5 26. Qxc5 cxb5
27. a4 bxa4 28. Rb1  1-0

[Event "2. Bundesliga West 2017/18"]
[Site "Kufstein; NMS II, Sporthalle Fischergries"]
[Date "2018.01.14"]
[Round "8"]
[Board "3"]
[White "Juergens, Klaus"]
[Black "Hausner, Ivan"]
[Result "0-1"]
[WhiteElo "2102"]
[BlackElo "2321"]
[PlyCount "104"]
[EventDate "2017.10.13"]
[EventType "team"]
[EventRounds "11"]
[EventCountry "AUT"]
[WhiteTeam "ASK Salzburg"]
[BlackTeam "Zillertal"]

1. g3 g6 2. Bg2 Bg7 3. Nf3 e5 4. O-O d6 5. d4 Nd7 6. c4 Ngf6 7. Nc3 O-O 8. e4
a6 9. dxe5 dxe5 10. b3 c6 11. Ba3 Re8 12. Bd6 Bf8 13. Bxf8 Kxf8 14. Qd2 Kg7 15.
Rad1 Qe7 16. h3 Nc5 17. Qe3 a5 18. Rd2 b6 19. Rfd1 Ra7 20. Ne1 Nfd7 21. Nd3
Nxd3 22. Qxd3 Nc5 23. Qd6 Qxd6 24. Rxd6 Rc7 25. h4 Be6 26. Kh2 a4 27. Bh3 Bxh3
28. Kxh3 axb3 29. axb3 Nxb3 30. Rb1 Nd4 31. Rxb6 Ra8 32. Rb2 Ra3 33. Nd1 h5 34.
Ne3 Rc3 35. g4 hxg4+ 36. Kxg4 Rc1 37. f4 exf4 38. Kxf4 Ne6+ 39. Kf3 Ra7 40. h5
gxh5 41. Nf5+ Kf6 42. Rxc6 Ra3+ 43. Kf2 Ke5 44. Nd6 Ng5 45. Rc5+ Kf4 46. Rf5+
Kg4 47. Rf6 h4 48. Re2 h3 49. Nxf7 h2 50. Ne5+ Kh5 51. Rf8 Rf1+ 52. Kxf1 h1=Q+
 0-1

[Event "2. Bundesliga West 2017/18"]
[Site "Kufstein; NMS II, Sporthalle Fischergries"]
[Date "2018.01.14"]
[Round "8"]
[Board "4"]
[White "Maiwald, Jens-Uwe"]
[Black "Scheiblmaier, Robert"]
[Result "1/2-1/2"]
[WhiteElo "2452"]
[BlackElo "2183"]
[PlyCount "107"]
[EventDate "2017.10.13"]
[EventType "team"]
[EventRounds "11"]
[EventCountry "AUT"]
[WhiteTeam "Zillertal"]
[BlackTeam "ASK Salzburg"]

1. d4 d5 2. Bf4 Nf6 3. e3 e6 4. Nd2 c5 5. c3 Nc6 6. Ngf3 Be7 7. h3 O-O 8. Bd3
Bd7 9. dxc5 Bxc5 10. O-O Re8 11. Bg5 Be7 12. Qb3 Qc7 13. Rad1 h6 14. Bh4 Rac8
15. Rfe1 Na5 16. Qc2 Nc4 17. Bxc4 dxc4 18. Bxf6 Bxf6 19. Nxc4 Qxc4 20. Rxd7
Qxa2 21. Qe2 Qb3 22. Nd4 Bxd4 23. Rxd4 Qb6 24. Ra1 a6 25. Raa4 Rcd8 26. Rab4
Qc7 27. Rbc4 Qe7 28. Qf3 Rc8 29. Rxc8 Rxc8 30. Qd1 Qc7 31. Rd7 Qc6 32. Qd3 Re8
33. h4 Rc8 34. g3 Re8 35. h5 Rc8 36. Qd4 Qf3 37. Qf4 Qxh5 38. Rxb7 Rd8 39. Rb8
Qd1+ 40. Kh2 Qh5+ 41. Kg2 Qd5+ 42. e4 Qd3 43. Rxd8+ Qxd8 44. Qe3 Qd6 45. b4 Kf8
46. Qe2 Qb6 47. Qc4 g6 48. Qc8+ Ke7 49. e5 h5 50. f4 Qb5 51. Kf2 Qd3 52. Qc5+
Ke8 53. Qc8+ Ke7 54. Qc5+  1/2-1/2

[Event "2. Bundesliga West 2017/18"]
[Site "Kufstein; NMS II, Sporthalle Fischergries"]
[Date "2018.01.14"]
[Round "8"]
[Board "5"]
[White "Herrmann, Michael"]
[Black "Tabernig, Bernhard"]
[Result "0-1"]
[WhiteElo "2079"]
[BlackElo "2328"]
[PlyCount "72"]
[EventDate "2017.10.13"]
[EventType "team"]
[EventRounds "11"]
[EventCountry "AUT"]
[WhiteTeam "ASK Salzburg"]
[BlackTeam "Zillertal"]

1. c4 Nf6 2. g3 c6 3. Nf3 d5 4. b3 Bg4 5. Ne5 Bf5 6. Bb2 Nbd7 7. Bg2 e6 8. O-O
Be7 9. d3 O-O 10. Nd2 Nxe5 11. Bxe5 a5 12. Rc1 a4 13. cxd5 exd5 14. Qc2 Re8 15.
e4 dxe4 16. dxe4 Be6 17. Nc4 axb3 18. axb3 Nd7 19. Rfd1 Bxc4 20. bxc4 Ba3 21.
Bb2 Bxb2 22. Qxb2 Qc7 23. c5 Ra5 24. Qd4 Nf8 25. Bh3 Qe7 26. f3 h5 27. Rb1 h4
28. Qd6 hxg3 29. hxg3 Qg5 30. Rd2 Qe3+ 31. Kg2 Rxc5 32. Rxb7 Rc1 33. Qd4 Qe1
34. g4 Ng6 35. Qf2 Qh1+ 36. Kg3 Rg1+  0-1

[Event "2. Bundesliga West 2017/18"]
[Site "Kufstein; NMS II, Sporthalle Fischergries"]
[Date "2018.01.14"]
[Round "8"]
[Board "6"]
[White "Schiestl, Josef"]
[Black "Loeffler, Christoph"]
[Result "1-0"]
[WhiteElo "2125"]
[BlackElo "2091"]
[PlyCount "61"]
[EventDate "2017.10.13"]
[EventType "team"]
[EventRounds "11"]
[EventCountry "AUT"]
[WhiteTeam "Zillertal"]
[BlackTeam "ASK Salzburg"]

1. e4 c6 2. d4 d5 3. e5 Bf5 4. Be3 e6 5. Nd2 c5 6. Ngf3 Qb6 7. dxc5 Bxc5 8.
Bxc5 Qxc5 9. c3 Qc7 10. Bb5+ Nc6 11. Qe2 Nge7 12. O-O O-O 13. Rfe1 Bg4 14. h3
Bh5 15. Rac1 a6 16. Bd3 Bg6 17. Nb3 b5 18. Rcd1 b4 19. c4 Na5 20. cxd5 Nxd5 21.
Bxa6 Nf4 22. Qf1 Nxb3 23. axb3 Qc2 24. Qc4 Qf5 25. Bb7 Bh5 26. Be4 Nxh3+ 27.
gxh3 Qxh3 28. Bxh7+ Kh8 29. Ng5 Qg4+ 30. Qxg4 Bxg4 31. Rd4  1-0

[Event "2. Bundesliga West 2017/18"]
[Site "Kufstein; NMS II, Sporthalle Fischergries"]
[Date "2018.01.14"]
[Round "8"]
[Board "2"]
[White "Reich, Thomas"]
[Black "Koepke, Christian"]
[Result "0-1"]
[WhiteElo "2365"]
[BlackElo "2290"]
[PlyCount "104"]
[EventDate "2017.10.13"]
[EventType "team"]
[EventRounds "11"]
[EventCountry "AUT"]
[WhiteTeam "Jenbach 2"]
[BlackTeam "Kufstein/Woergl"]

1. c4 g6 2. Nc3 Bg7 3. d4 Nf6 4. Nf3 O-O 5. Bg5 d6 6. e3 c5 7. d5 h6 8. Bh4 g5
9. Bg3 Nh5 10. Nd2 Nxg3 11. hxg3 f5 12. f4 e6 13. fxg5 Qxg5 14. Kf2 e5 15. Qh5
Qxh5 16. Rxh5 Nd7 17. Be2 Nf6 18. Rh4 Bd7 19. a4 a6 20. a5 Rf7 21. Na4 Raf8 22.
Nb6 Be8 23. Kg1 Rc7 24. Rf1 Bg6 25. Bd3 e4 26. Be2 h5 27. Rb1 Bh6 28. Nf1 Bg5
29. Rh1 Rcf7 30. b4 cxb4 31. Rxb4 Ng4 32. Rb3 Rc7 33. c5 dxc5 34. d6 Rc6 35.
Nc4 Rb8 36. Bxg4 hxg4 37. Nfd2 Bf7 38. Kf2 Rd8 39. Rb2 Bf6 40. Rxb7 Rcxd6 41.
Nxd6 Rxd6 42. Nb3 Rd3 43. Nxc5 Rd2+ 44. Kg1 Bg5 45. Kh2 Bxe3 46. Rd7 Rc2 47.
Nb7 f4 48. Nd6 f3 49. Rb1 Bb3 50. Nc4 Rxg2+ 51. Kh1 Bc5 52. Nd2 Rxg3  0-1

[Event "2. Bundesliga West 2017/18"]
[Site "Kufstein; NMS II, Sporthalle Fischergries"]
[Date "2018.01.14"]
[Round "8"]
[Board "3"]
[White "Rusche, Johannes"]
[Black "Hoellrigl, Wilfried"]
[Result "1-0"]
[WhiteElo "2282"]
[BlackElo "2204"]
[PlyCount "50"]
[EventDate "2017.10.13"]
[EventType "team"]
[EventRounds "11"]
[EventCountry "AUT"]
[WhiteTeam "Kufstein/Woergl"]
[BlackTeam "Jenbach 2"]

1. e4 Nf6 2. e5 Nd5 3. Nf3 g6 4. d4 Bg7 5. c4 Nb6 6. Nc3 d6 7. exd6 cxd6 8. h3
O-O 9. Be2 Nc6 10. O-O e5 11. Bg5 f6 12. Be3 f5 13. Bg5 Bf6 14. Bxf6 Qxf6 15.
dxe5 dxe5 16. c5 Rd8 17. Qc1 e4 18. Ng5 h6 19. Ngxe4 fxe4 20. cxb6 Qh4 21. Qe3
axb6 22. Rad1 Be6 23. Qxb6 Rdb8 24. a3 Ra5 25. Bb5 Rxb5  1-0

[Event "2. Bundesliga West 2017/18"]
[Site "Kufstein; NMS II, Sporthalle Fischergries"]
[Date "2018.01.14"]
[Round "8"]
[Board "4"]
[White "Fuchs, Georg"]
[Black "Maurer, Jochen"]
[Result "1-0"]
[WhiteElo "2156"]
[BlackElo "2211"]
[PlyCount "83"]
[EventDate "2017.10.13"]
[EventType "team"]
[EventRounds "11"]
[EventCountry "AUT"]
[WhiteTeam "Jenbach 2"]
[BlackTeam "Kufstein/Woergl"]

1. e4 c5 2. Nf3 e6 3. b3 a6 4. Bb2 Nc6 5. Bd3 d6 6. O-O Nf6 7. Re1 Be7 8. c3
O-O 9. Bc2 b5 10. d4 cxd4 11. Nxd4 Bb7 12. Nd2 Rc8 13. a4 Qb6 14. N2f3 Rfd8 15.
axb5 axb5 16. Qe2 b4 17. c4 e5 18. Nf5 Bf8 19. Bc1 h6 20. h3 Ra8 21. Be3 Qc7
22. Rad1 Ra2 23. Qd3 Ne7 24. Ng3 Ng6 25. Bb1 Ra1 26. Qd2 Qa5 27. Qb2 Ra8 28. c5
dxc5 29. Nxe5 Nxe5 30. Qxe5 Re8 31. Qf4 Ra3 32. Nf5 Rxb3 33. e5 Nd5 34. Qe4 g6
35. Nxh6+ Bxh6 36. Bxh6 Qa8 37. Qg4 Rxb1 38. Rxb1 Nc3 39. e6 Nxb1 40. exf7+
Kxf7 41. Qd7+ Kf6 42. Bg7+  1-0

[Event "2. Bundesliga West 2017/18"]
[Site "Kufstein; NMS II, Sporthalle Fischergries"]
[Date "2018.01.14"]
[Round "8"]
[Board "5"]
[White "Neuschmied, Siegfried"]
[Black "Kondrak, Christof"]
[Result "1-0"]
[WhiteElo "2155"]
[BlackElo "2146"]
[PlyCount "69"]
[EventDate "2017.10.13"]
[EventType "team"]
[EventRounds "11"]
[EventCountry "AUT"]
[WhiteTeam "Kufstein/Woergl"]
[BlackTeam "Jenbach 2"]

1. e4 c5 2. Nf3 e6 3. d4 cxd4 4. Nxd4 a6 5. c4 b6 6. Nc3 Bb7 7. Be3 Qc7 8. a3
Nf6 9. f3 Nc6 10. b4 Be7 11. Be2 O-O 12. Rc1 Bd6 13. g3 Be5 14. Nb3 Bxc3+ 15.
Rxc3 d5 16. exd5 exd5 17. c5 Qe5 18. Bd4 Nxd4 19. Qxd4 Qe6 20. Re3 bxc5 21.
Rxe6 cxd4 22. Rb6 Rfe8 23. Kd2 Bc8 24. Nxd4 a5 25. b5 a4 26. Rc1 Bd7 27. Rc7
Kf8 28. Rxf6 gxf6 29. Rxd7 Red8 30. Rxd8+ Rxd8 31. Kc3 Ra8 32. Kb4 Ke7 33. Kc5
Rc8+ 34. Nc6+ Ke6 35. b6  1-0

[Event "2. Bundesliga West 2017/18"]
[Site "Kufstein; NMS II, Sporthalle Fischergries"]
[Date "2018.01.14"]
[Round "8"]
[Board "6"]
[White "Czoeppan, Thomas"]
[Black "Atzl, Florian"]
[Result "0-1"]
[WhiteElo "2079"]
[BlackElo "2107"]
[PlyCount "60"]
[EventDate "2017.10.13"]
[EventType "team"]
[EventRounds "11"]
[EventCountry "AUT"]
[WhiteTeam "Jenbach 2"]
[BlackTeam "Kufstein/Woergl"]

1. d4 Nf6 2. Nf3 c5 3. c3 b6 4. g3 Bb7 5. Bg2 e6 6. O-O Be7 7. Nbd2 O-O 8. Re1
d5 9. Ne5 Nc6 10. Nxc6 Bxc6 11. b3 Qc7 12. Bb2 Rfd8 13. f4 cxd4 14. cxd4 a5 15.
a3 a4 16. b4 Qa7 17. e4 Nxe4 18. Nxe4 dxe4 19. Qc2 Qb7 20. Bxe4 Bxe4 21. Qxe4
Qxe4 22. Rxe4 Bf6 23. Rd1 Rac8 24. Re2 Kf8 25. Kf2 Rc4 26. Red2 Ke7 27. h4 h5
28. Ke3 Rd5 29. Rc1 Bxd4+ 30. Rxd4 Rdxd4  0-1

[Event "2. Bundesliga West 2017/18"]
[Site "Kufstein; NMS II, Sporthalle Fischergries"]
[Date "2018.01.14"]
[Round "8"]
[Board "1"]
[White "Nayhebaver, Martin"]
[Black "Riediger, Martin"]
[Result "1-0"]
[WhiteElo "2440"]
[BlackElo "2288"]
[PlyCount "125"]
[EventDate "2017.10.13"]
[EventType "team"]
[EventRounds "11"]
[EventCountry "AUT"]
[WhiteTeam "Bregenz"]
[BlackTeam "Ranshofen"]

1. e4 e5 2. Nf3 Nc6 3. Bb5 a6 4. Ba4 Nf6 5. O-O Be7 6. Re1 b5 7. Bb3 d6 8. c3
O-O 9. h3 Na5 10. Bc2 c5 11. d4 Qc7 12. Nbd2 Bd7 13. Nf1 Nc4 14. b3 Nb6 15. Ne3
c4 16. Bd2 a5 17. Nf5 Bxf5 18. exf5 e4 19. Bxe4 Nxe4 20. Rxe4 Nd5 21. Rc1 Rfe8
22. g4 Nf6 23. Re1 Qc6 24. bxc4 bxc4 25. Bg5 Rab8 26. Bxf6 gxf6 27. d5 Qc5 28.
Qd4 Rbc8 29. Rb1 Bf8 30. Rxe8 Rxe8 31. Qxc5 dxc5 32. Nd2 Re5 33. d6 Bxd6 34.
Nxc4 Rd5 35. Kf1 Be5 36. Nxe5 fxe5 37. Rb5 a4 38. Ke2 e4 39. Ra5 Rd3 40. Rxc5
Rxh3 41. Rc4 a3 42. Kd2 e3+ 43. fxe3 Rh2+ 44. Kd3 Rxa2 45. Ra4 Ra1 46. Kc2 a2
47. Kb3 Re1 48. Rxa2 Rxe3 49. f6 h6 50. Rh2 Kh7 51. Kb4 Re4+ 52. c4 Kg6 53. Rf2
Kg5 54. Kb5 Kxg4 55. c5 Re1 56. Kb6 Rb1+ 57. Kc7 Kg5 58. c6 Rd1 59. Kc8 h5 60.
c7 Ra1 61. Rc2 Ra8+ 62. Kb7 Rf8 63. Rf2  1-0

[Event "2. Bundesliga West 2017/18"]
[Site "Kufstein; NMS II, Sporthalle Fischergries"]
[Date "2018.01.14"]
[Round "8"]
[Board "2"]
[White "Knechtel, Roland"]
[Black "Sergeev, Vladimir"]
[Result "1/2-1/2"]
[WhiteElo "2245"]
[BlackElo "2417"]
[PlyCount "177"]
[EventDate "2017.10.13"]
[EventType "team"]
[EventRounds "11"]
[EventCountry "AUT"]
[WhiteTeam "Ranshofen"]
[BlackTeam "Bregenz"]

1. g3 d5 2. Bg2 c6 3. Nf3 Bg4 4. Ne5 Bf5 5. b3 f6 6. Nf3 e5 7. O-O Bd6 8. d3
Ne7 9. Nbd2 O-O 10. e4 Bg4 11. h3 Bh5 12. c3 c5 13. a3 d4 14. cxd4 cxd4 15. g4
Bf7 16. Nh4 g6 17. Nc4 Bxc4 18. bxc4 Nd7 19. g5 Nc6 20. gxf6 Nxf6 21. Bh6 Rf7
22. Nf3 Bf8 23. Bd2 Nd7 24. Ne1 Nc5 25. Rb1 Ne6 26. Qg4 Qf6 27. a4 Re8 28. Kh1
h5 29. Qg3 Kh7 30. Nf3 Bh6 31. Bxh6 Kxh6 32. h4 b6 33. a5 bxa5 34. Rb5 Nf4 35.
Ng5 Rfe7 36. Bh3 Ne2 37. Qh2 Qf4 38. Qxf4 Nxf4 39. Rd1 Rb8 40. Rc5 Rb6 41. Kg1
a4 42. Bf1 Kg7 43. Nf3 Kf6 44. Ra1 Ra6 45. Rb5 a3 46. Rb3 a2 47. Rb2 Ke6 48.
Rbxa2 Rxa2 49. Rxa2 Rb7 50. Ra6 Rb6 51. Rxb6 axb6 52. Ng5+ Kd6 53. Nh3 Ne6 54.
Kg2 Nb4 55. f3 Nf4+ 56. Nxf4 exf4 57. Kf2 Nc6 58. Ke2 Ne5 59. Bh3 Ke7 60. Bf1
Kf6 61. Kf2 Ke6 62. Be2 Kd6 63. Ke1 Kc5 64. Kf2 Kb4 65. Bf1 Kc3 66. Be2 Kd2 67.
Bf1 Kd1 68. Be2+ Kd2 69. Bf1 Kc3 70. Be2 Kb4 71. Bf1 Kc5 72. Be2 Kd6 73. Kg2
Ke6 74. Kh2 Kf6 75. Kg2 Nf7 76. Kh2 Kg7 77. Kg2 Kf8 78. Kh2 Ke7 79. Kg2 Kd6 80.
Kh2 Kc5 81. Kg2 Kb4 82. Bf1 Kc3 83. Kf2 Kd2 84. Be2 Ne5 85. Bf1 Kc2 86. Be2 Kb2
87. Bf1 Ka3 88. Be2 Kb4 89. Bf1  1/2-1/2

[Event "2. Bundesliga West 2017/18"]
[Site "Kufstein; NMS II, Sporthalle Fischergries"]
[Date "2018.01.14"]
[Round "8"]
[Board "3"]
[White "Dobosz, Henryk"]
[Black "Ager, Josef"]
[Result "1/2-1/2"]
[WhiteElo "2378"]
[BlackElo "2109"]
[PlyCount "155"]
[EventDate "2017.10.13"]
[EventType "team"]
[EventRounds "11"]
[EventCountry "AUT"]
[WhiteTeam "Bregenz"]
[BlackTeam "Ranshofen"]

1. d4 g6 2. c4 Bg7 3. Nc3 d6 4. Bg5 c6 5. Qd2 Nd7 6. e4 h6 7. Be3 Ngf6 8. f3 a6
9. a3 b5 10. c5 dxc5 11. dxc5 Qc7 12. Nh3 Nf8 13. Nf2 Be6 14. Be2 Bb3 15. O-O
Rd8 16. Bd3 e5 17. Ne2 a5 18. Nc1 Bc4 19. Qc3 Bxd3 20. Nfxd3 N6d7 21. f4 Ne6
22. f5 Nd4 23. fxg6 fxg6 24. Bxd4 exd4 25. Qc2 Rf8 26. Ne2 Ne5 27. Rxf8+ Kxf8
28. Nef4 Qf7 29. Nxe5 Bxe5 30. Nd3 Qe6 31. Qd2 Kg7 32. Qxa5 Rf8 33. Qd2 Bf6 34.
Rf1 Bg5 35. Qe2 Be3+ 36. Kh1 Rxf1+ 37. Qxf1 Qxe4 38. Qe2 h5 39. b3 Qe6 40. Qd1
g5 41. h3 g4 42. h4 Kg6 43. Kh2 Qe7 44. g3 Qe6 45. Qc2 Qf5 46. a4 bxa4 47. bxa4
Kf6 48. Qe2 Qc8 49. Qf1+ Ke7 50. Qb1 Qa6 51. Qb3 Qa5 52. Qb4 Qa6 53. Qb3 Qa5
54. Qb7+ Kf8 55. Qb4 Qa6 56. Qb8+ Kg7 57. Qe5+ Kf8 58. Nf4 Bxf4 59. Qxf4+ Ke7
60. Qe5+ Kf8 61. Qxd4 Qe2+ 62. Kg1 Ke8 63. a5 Qe1+ 64. Kg2 Qxa5 65. Qe5+ Kf8
66. Qf6+ Kg8 67. Qg6+ Kf8 68. Qh6+ Kg8 69. Qg6+ Kf8 70. Qd6+ Kg8 71. Kf2 Qc3
72. Ke2 Qf3+ 73. Kd2 Kf7 74. Qe5 Kf8 75. Kc2 Kg8 76. Kb2 Kf8 77. Kc2 Kg8 78.
Qe6+  1/2-1/2

[Event "2. Bundesliga West 2017/18"]
[Site "Kufstein; NMS II, Sporthalle Fischergries"]
[Date "2018.01.14"]
[Round "8"]
[Board "4"]
[White "Brehovsky, Paul"]
[Black "Hess, Max"]
[Result "0-1"]
[WhiteElo "2133"]
[BlackElo "2251"]
[PlyCount "120"]
[EventDate "2017.10.13"]
[EventType "team"]
[EventRounds "11"]
[EventCountry "AUT"]
[WhiteTeam "Ranshofen"]
[BlackTeam "Bregenz"]

1. d4 Nf6 2. Nf3 g6 3. e3 Bg7 4. b4 O-O 5. Bb2 d6 6. c4 c5 7. a3 cxd4 8. exd4
e5 9. dxe5 dxe5 10. Qxd8 Rxd8 11. Be2 e4 12. Nfd2 Nc6 13. Nb3 a5 14. b5 a4 15.
bxc6 axb3 16. c7 Rd7 17. Nd2 Rxc7 18. Nxb3 Ng4 19. Bxg7 Kxg7 20. O-O Ne5 21.
Nd4 Bd7 22. Nb5 Rc5 23. Nd6 Bc6 24. Rfb1 Rca5 25. Nxb7 Rxa3 26. Rxa3 Rxa3 27.
Nd6 Ra2 28. Bf1 f5 29. h3 f4 30. Re1 e3 31. Re2 Rd2 32. fxe3 Rxd6 33. exf4 Nxc4
34. Re7+ Kf6 35. Rxh7 Ne3 36. Kf2 Nxg2 37. Bxg2 Rd2+ 38. Ke3 Rxg2 39. Rc7 Bd5
40. Rc5 Be6 41. Kf3 Rh2 42. Kg3 Rxh3+ 43. Kf2 Rh5 44. Rc1 Rb5 45. Ke3 Kf5 46.
Rf1 Rb4 47. Rc1 Re4+ 48. Kf3 Rxf4+ 49. Kg3 Rc4 50. Rf1+ Kg5 51. Re1 Rc3+ 52.
Kf2 Bf5 53. Ra1 Kf4 54. Ra4+ Be4 55. Kf1 Kf3 56. Kg1 g5 57. Ra7 g4 58. Kh2 Rc2+
59. Kg1 Rc1+ 60. Kh2 g3+  0-1

[Event "2. Bundesliga West 2017/18"]
[Site "Kufstein; NMS II, Sporthalle Fischergries"]
[Date "2018.01.14"]
[Round "8"]
[Board "5"]
[White "Bezler, Rainer"]
[Black "Kuecher, Wolfgang"]
[Result "1-0"]
[WhiteElo "2197"]
[BlackElo "2123"]
[PlyCount "117"]
[EventDate "2017.10.13"]
[EventType "team"]
[EventRounds "11"]
[EventCountry "AUT"]
[WhiteTeam "Bregenz"]
[BlackTeam "Ranshofen"]

1. d4 Nf6 2. Nf3 b6 3. g3 Bb7 4. Bg2 d5 5. O-O e6 6. c4 Bd6 7. Nc3 O-O 8. cxd5
exd5 9. Ne5 Re8 10. Nc4 Bf8 11. Bg5 c6 12. Ne5 Be7 13. Rc1 Nfd7 14. Bf4 Nxe5
15. Bxe5 Nd7 16. Bf4 Nf6 17. Qd3 Qd7 18. Rfd1 Bb4 19. Bd2 Rad8 20. a3 Be7 21.
Bf4 Nh5 22. Be3 g6 23. Nb1 f5 24. Bd2 Qe6 25. e3 Bd6 26. Bb4 Bb8 27. Nd2 g5 28.
Nf3 h6 29. Ne5 Bxe5 30. dxe5 g4 31. Bd6 Rd7 32. b4 a6 33. a4 b5 34. axb5 axb5
35. h3 Rg7 36. hxg4 fxg4 37. e4 d4 38. Qxd4 Rf7 39. Qb6 Ng7 40. Bc7 Qc8 41. Bd6
Ne6 42. Bc5 Ng5 43. Rd6 Nf3+ 44. Kf1 Nxe5 45. Rxh6 Nc4 46. Rxc4 bxc4 47. Bd4
Rh7 48. Rg6+ Kf7 49. Rf6+ Ke7 50. Be5 Rg8 51. Qc5+ Ke8 52. Bd6 Qa8 53. Qe5+ Kd8
54. Bc5 Rd7 55. Rd6 Kc8 56. Rxd7 Kxd7 57. Qd6+ Kc8 58. Qe6+ Kc7 59. Qf7+  1-0